00736nam a2200229 u 45000010006000000050017000060080041000230200018000640350010000820350021000920400013001130410008001260820008001341000036001422450085001782600045002633000022003084900031003306500046003616500034004076500065004415854620260506071026.0960313s1988 spa  a9789802760626 a58546 a(OCoLC)434545279 ccomduadb aspa 4a86010aOsorio Tejada, Nelson4auteaut10aManifiestos, proclamas y polémicas de la vanguardia literaria hispanoamericana aVenezuela :bBiblioteca Ayacucho,c1988. axl, 417 páginas0 aBiblioteca Ayacucho ;v132 aLiteratura de vanguardia - America Latina aLiteratura moderna - Siglo XX aLiteratura latinoamericana - Historia y crítica - Siglo XX